Teória riadenia Praktikum so zameraním na sféru služieb

Saved in:
Bibliographic Details
Main Author: Kelemen, Vojtech
Corporate Author: Vysoká škola ekonomická v Bratislave. Fakulta ekonomiky služieb a cestovného ruchu v Banskej Bystrici
Format: Book
Language:Slovak
Published: Bratislava VŠE 1986
Edition:1. vyd.
Tags: Add Tag
No Tags, Be the first to tag this record!

MARC

LEADER 00000nam a2200000 4500
001 c032137
005 20221219100951.3
041 0 |a slo 
044 |a SK 
245 1 0 |a Teória riadenia  |b Praktikum so zameraním na sféru služieb  |c Vojtech Kelemen a kol. 
250 |a 1. vyd. 
264 1 |a Bratislava  |b VŠE  |c 1986 
300 |a 163 s. 
100 1 |a Kelemen, Vojtech 
710 2 |a Vysoká škola ekonomická v Bratislave. Fakulta ekonomiky služieb a cestovného ruchu v Banskej Bystrici